你是我不及的夢 : 給三毛最後的禮物

資料類型: Book 圖書   書目號:34161

Leader xxxxxxxxxx
001 __ PCLIS00034161
005 __ 20211207112728.0
010 0_ |a957-607-860-1|b平裝|dNT$250
100 __ |a20021114d2003    m  y0chiy09      e
101 0_ |achi
102 __ |atw
105 __ |aac  z   000cd
200 1_ |a你是我不及的夢|e給三毛最後的禮物|f眭澔平著
205 __ |a初版
210 __ |a臺北市|c圓神|d2009[民92]
215 0_ |a236面, 圖版[8]面|c部分彩圖, 部分彩像|d21公分|e1 CD-ROM|e1 CD
225 1_ |a圓神叢書|v379
300 __ |a附件光碟內容為三毛逝世12週年紀念專輯,含三毛台北故居的紀錄影片等
320 __ |a附錄: 三毛最後的聲音與送給三毛的歌
600 _0 |a三毛|f1943-1991
681 __ |a856.9|b8535
681 __ |a856.9|b6431
700 _1 |a|b澔平|4801 _0 |atw|bCIP|c20021114|gCCR
801 _1 |atw|b內湖高中|c20040407|gCCR
801 _2 |atw|b內湖高中|c20211207|gCCR
詳細館藏(共 1 筆)
索 書 號登 錄 號冊次號館別 / 館藏地流通類型狀態加入預約清單電子資源
856.9 / 8535 1014408  圖書館 / 一樓普通區 可外借30天 在館   

| 條列資料




目錄查詢 分類查詢 個人資料 圖書薦購 新書查詢 閉館日 排行榜 更多電子資源 Hami書城 線上資料庫 登出

From : 216.73.217.87

  本日流通累計至 21:02:44 借閱 : 13 次 續借 : 0 次 歸還 : 10 次 預約 : 0 次 電子資源 : 0 次


內湖高中圖書館  PCLIS 版本  26.5.0.12